| 000 | 00978nam0a22002411i 4500 | ||
|---|---|---|---|
| 001 | rc\756697 | ||
| 005 | 20240725233944.0 | ||
| 035 | _a(NLR Aleph) 006284710 | ||
| 090 |
_a7086528 _c7086528 |
||
| 100 | _a20040301d1985 u |0rusy50 ca | ||
| 101 | 0 | _arus | |
| 102 | _aRU | ||
| 105 | _ay ||||||||| | ||
| 200 | 1 |
_aКонцентрация, специализация и кооперация сельскохозяйственного производства _e(На прим. юго-вост. планировоч. р-на ЭССР) _eАвтореф. дис. на соиск. учен. степ. канд. экон. наук _e(08.00.22) |
|
| 210 |
_aЕлгава _d1985 |
||
| 215 | _a20 с. | ||
| 300 | _aВ надзаг.: Латв. с.-х. акад. | ||
| 320 | _aБиблиогр.: с. 19-20 (10 назв.) | ||
| 700 | 1 |
_aКалдер _bЭ.К. _gЭдгар Каарелович |
|
| 801 | 0 |
_aRU _bNLR _gpsbo |
|
| 801 | 1 |
_aRU _bELAR _2rusmarc |
|
| 852 |
_aNLR _j86-4/11886 |
||
| 942 | _cBOOK | ||